000
00318nam a2200145Ia 4500
008
230917s9999||||xx |||||||||||||| ||und||
040
_e
153624
_a
MAIN
041
_a
English
082
_a
294.1 A64J
100
_a
Agnivesh
245
0
_a
Vedic samajvad
260
_a
Rohtak
_b
Rajcharm
300
_a
90 p.
942
_c
BK
999
_c
73763
_d
73763